| 000 | 00534nam a22001817a 4500 | ||
|---|---|---|---|
| 999 |
_c174353 _d174353 |
||
| 005 | 20200610125215.0 | ||
| 010 | _aENG-128180 | ||
| 020 |
_c200.00 _a9789353228446 |
||
| 035 | _aEN-111712 | ||
| 037 | _bDBAD/PUB | ||
| 082 | _a813.54 | ||
| 100 | _aSethi,Sumer | ||
| 245 |
_aLeap of Faith/ _cby Sumer Sethi |
||
| 260 |
_aNew Delhi _bPrabhat Prakashan _c2020 |
||
| 270 |
_a4/19 Asaf Ali Road _bNew Delhi _e110002 _k91-11-23289777 _mprabhatbooks@gmail.com |
||
| 300 |
_a95p. _c20cm(hb) |
||
| 942 |
_2ddc _cEN _h813.54 _mSUM |
||